| 000 | 01339nam a22001577a 4500 | ||
|---|---|---|---|
| 999 |
_c530455 _d530455 |
||
| 008 | 250616b ||||| |||| 00| 0 eng d | ||
| 100 |
_aNaithani, Vidushi Dobhal and Semwal M.M _954417 |
||
| 245 | _aReconciling Sustainable Development with Human well- being: India's vision for an inclusive future | ||
| 260 | _aIndian Journal of Political Science | ||
| 300 | _a85(1), Jan-Mar, 2024: p.9-18 | ||
| 520 | _aUp until the 1960s the term 'development' lacked a specific meaning. It was in the Year 1987 and 1992 that the phrase 'sustainable development' gained prominence. Over time, the broader goals of 'social justice, the rational use of environment, or human well-being' were discussed as being essential. While India's Vision of the SDGs is comprehensive and aspirational, the current national and international context demands ad additional focus on human wee- being. This research paper undertakes a theoretical and analytical research design, based on secondary data, to look at the possibility of reconciling Sustainable Development with Human well- being and analysis the Trajectory of India's SDG Vision in this direction. Reproduced | ||
| 650 |
_aSustainable Development, Human well- being, Inclusivity, SDG Vision _954414 |
||
| 773 | _0Indian Journal of Political Science | ||
| 906 | _aSUSTAINABLE DEVELOPMENT | ||
| 942 | _cAR | ||